=LDR 00000nam 2200000 4500 =001 INLIS000000000001518 =005 20130612085922 =008 ***********************************Ind** =035 ##$$0010-061300000001518 =041 ##$$a Ind =082 ##$$a 338.642 =090 ##$$a 338.642, Har-t =100 ##$$a HARYADI, Dedi =245 ##$$a Tahap perkembangan usaha kecil, Dinamika dan peta potensi pertumbuhan, Dedi Haryadi, Erna Ermawati Chotim, Maspiyati =260 ##$$a 1998 $b Bandung =300 ##$$a xxix, 166 hlm, ilus, 22 cm =650 ##$$a Usah Kecil =700 ##$$a CHOTIM, Erna Ermawati =850 ##$$a NBPNMAT